Councils of Scotland by first two letters - Statistics

General Stats
  • This quiz has been taken 435 times
  • The average score is 13 of 32
Answers on the Map
Answers color-coded by a green-red scale on the quiz's map according to % correct below.
 
Answer Stats
Council % Correct
Aberdeen City
70%
Aberdeenshire
70%
Edinburgh
70%
Glasgow
70%
Highland
60%
Na h-Eileanan Siar
57%
Dumfries and Galloway
54%
Dundee City
54%
East Ayrshire
51%
East Dunbartonshire
51%
East Lothian
51%
East Renfrewshire
51%
West Dunbartonshire
49%
West Lothian
49%
North Ayrshire
46%
North Lanarkshire
46%
South Ayrshire
42%
South Lanarkshire
42%
Orkney Islands
37%
Shetland Islands
36%
Inverclyde
32%
Perth and Kinross
30%
Angus
27%
Moray
26%
Stirling
25%
Argyll and Bute
24%
Fife
22%
Midlothian
22%
Scottish Borders
14%
Clackmannanshire
11%
Falkirk
11%
Renfrewshire
9%
No matching quizzes found
Score Distribution
Percent of People with Each Score
Percentile by Number Answered
Your Score History
You have not taken this quiz